| Поле | Название | Значение |
| |
Тип записи |
m |
| |
Библиографический уровень |
m |
| 001 |
Контрольный номер |
b6b898a8cd654d339379ad616f387fc4 |
| 005 |
Дата корректировки |
20140506155600.2 |
| 200 |
Заглавие и сведения об ответственности |
__ |
| a |
Заглавие |
Международное частное право [Электронный ресурс] |
| e |
Сведения, относящиеся к заглавию |
электронные учебно-методические комплексы для студентов и преподавателей |
| 205 |
Сведения об издании |
__ |
| a |
Основные сведения об издании |
Электрон. дан. и прогр. |
| 210 |
Выходные данные |
__ |
| a |
Место издания |
[М.] |
| c |
Издательство |
Интел Про |
| d |
Дата издания |
2004-2008 |
| 215 |
Физическое описание |
__ |
| a |
Объем |
1 электрон. опт. диск (CD-ROM) |
| 225 |
Серия |
__ |
| a |
Серия |
Инновации в образовании |
| 330 |
Аннотация |
__ |
| a |
Аннотация |
Представлены ЭУМК по 79 учебным дисциплинам для студентов и преподавателей гуманитарных специальностей ВУЗов. Соединяет в себе свойства учебника, справочника, задачника, хрестоматии. Соединяет в себе свойства учебника, справочника, задачника, хрестоматии. |
| 606 |
Тематические рубрики |
__ |
| a |
Основная рубрика |
Международное частное право |
| 610 |
Ключевые слова |
__ |
| a |
Ключевые слова |
электронные ресурсы; международное частное право; электронные учебно-методические комплексы |
| 686 |
Индексы других классификаций |
__ |
| a |
Классификационный индекс |
67.93 |
| 2 |
Код системы |
rubbk |
| 899 |
Данные о местонахождении |
__ |
| j |
Расстановочный фильтр |
67.93 |
| c |
Местонахождение стеллажа (устаревшее) |
67.93 |
| i |
Авторский знак |
М 432 |
| 938 |
Служебная информация |
__ |
| a |
Название организации |
Волгоградский филиал |
| b |
Имя БД |
Каталог_ВКИ |
| c |
Название АИБС |
АИБС МАРК-SQL |